Normal view
MARC view
- Hartley, Stephen J
Entry Personal Name
001 - CONTROL NUMBER
- control field: 68018
003 - CONTROL NUMBER IDENTIFIER
- control field: NUST
005 - DATE AND TIME OF LATEST TRANSACTION
- control field: 20210628203946.0
008 - FIXED-LENGTH DATA ELEMENTS
- fixed length control field: 210628|| aca||aabn | a|a d
040 ## - CATALOGING SOURCE
- Original cataloging agency: NUST
- Transcribing agency: NUST
100 ## - HEADING--PERSONAL NAME
- Personal name: Hartley, Stephen J
670 ## - SOURCE DATA FOUND
- Source citation: Work cat.: (NUST): Hartley, Stephen J, Concurrent programming, the java programming language, 1998
